000 00431nam a22001697a 4500
005 20180305144136.0
008 160525b xxu||||| |||| 00| 0 eng d
020 _a978-81-8488-040-3
041 _aeng
082 _b4986
_a332.6
100 _aAvadhani, V.M
_91261
245 _aSecurity Analysis and Portfolio Management
260 _aNew Delhi
_bAcademic Faundation
300 _a582
650 _aManagement
_9241
942 _cBK
999 _c1746
_d1745